Brooklyn Nets 2020s Top 10 Leaders - Statistics

General Stats
  • This quiz has been taken 232 times
    35 since last reset
  • The average score is 9 of 19
Answer Stats
Player % Correct
James Harden
100%
Kevin Durant
100%
Kyrie Irving
97%
Nic Claxton
85%
Cameron Johnson
74%
Cam Thomas
71%
Mikal Bridges
56%
Ben Simmons
50%
Spencer Dinwiddie
44%
Dorian Finney-Smith
38%
Joe Harris
38%
DeAndre Jordan
26%
Jarrett Allen
26%
Bruce Brown
21%
Day'Ron Sharpe
12%
Royce O'Neale
12%
Jalen Wilson
0%
Noah Clowney
0%
Ziaire Williams
0%
No matching quizzes found
Score Distribution
Percent of People with Each Score
Percentile by Number Answered
Your Score History
You have not taken this quiz since the last reset